|
|
|
|
| LEADER |
00590 a2200169 4500 |
| 008 |
190711b ||||| |||| 00| 0 mal d |
| 999 |
|
|
|c 336331
|d 336331
|
| 082 |
|
|
|a 891.20223 RAG
|
| 100 |
|
|
|a Kalidasan
|
| 245 |
|
|
|a Raghuvamsam /
|c Kalidasan
|
| 260 |
|
|
|b Marar Sahithya Prakasam,
|c 2018
|a Kozhikode :
|
| 300 |
|
|
|a 600p. ;
|c 21 cm.
|
| 546 |
|
|
|a Malayalam
|
| 650 |
|
|
|a Sanskrit poetry
|
| 700 |
|
|
|a Kuttikrishnamarar
|e translator
|
| 942 |
|
|
|2 ddc
|c BK
|
| 952 |
|
|
|0 0
|1 0
|2 ddc
|4 0
|6 891_202230000000000_RAG
|7 0
|9 385557
|a UL
|b UL
|c ST1
|d 2019-06-20
|g 517.50
|l 2
|m 1
|o 891.20223 RAG
|p 99840
|r 2020-10-08
|s 2020-09-11
|v 750.00
|y BK
|